[Event "Schleswig Holstein-ch Seniors op"]
[Site "Buesum"]
[Date "2014.09.25"]
[Round "1"]
[White "Limberg, Siegfried"]
[Black "Borries, Barbara"]
[Result "1-0"]
[WhiteElo "2076"]
[BlackElo "1794"]
[PlyCount "117"]
[EventDate "2014.09.25"]
[EventType "swiss"]
[EventRounds "9"]
[EventCountry "GER"]
[SourceTitle "EXT 2018"]
[Source "ChessBase"]
[SourceDate "2017.10.13"]
[SourceVersion "1"]
[SourceVersionDate "2017.10.13"]
[SourceQuality "1"]

1. d4 Nf6 2. Nf3 e6 3. e3 d5 4. Bd3 c5 5. c3 Nc6 6. Nbd2 Be7 7. 0-0 0-0 8. Qe2 cxd4 9. exd4 Qc7 10. Ne5 Nxe5 11. dxe5 Nd7 12. Nf3 f6 13. exf6 Nxf6 14. Bg5 Bd6 15. h3 Bd7 16. Rfe1 Rae8 17. Bc2 a6 18. Rad1 b5 19. Ne5 Bxe5 20. Qxe5 Qxe5 21. Rxe5 Rc8 22. Bd3 h6 23. Be3 Ne8 24. Bd4 Nd6 25. b3 a5 26. Re3 Nf5 27. Bxf5 Rxf5 28. Rg3 Rf7 29. Rdd3 a4 30. Rg6 axb3 31. axb3 Re8 32. Be5 Bc8 33. Rdg3 Ree7 34. Rxh6 Rf5 35. f4 b4 36. cxb4 Rb7 37. Rhg6 Rff7 38. h4 Kh7 39. h5 Rbe7 40. h6 Ba6 41. hxg7 Kg8 42. Rh6 Rxg7 43. Rxg7+ Rxg7 44. Bxg7 Kxg7 45. Rxe6 Bd3 46. Re5 Be4 47. Kf2 Kf6 48. b5 Bc2 49. Rxd5 Bxb3 50. Re5 Bc4 51. b6 Ba6 52. g4 Bc8 53. Ke3 Kf7 54. Rc5 Ba6 55. b7 Bxb7 56. Rc7+ Ke6 57. Rxb7 Kf6 58. Rb6+ Ke7 59. Kd4 1-0

[Event "Arco op 34th"]
[Site "Arco"]
[Date "2012.10.18"]
[Round "6"]
[White "Messina, Roberta"]
[Black "Borries, Barbara"]
[Result "1-0"]
[WhiteElo "1983"]
[BlackElo "1850"]
[PlyCount "43"]
[EventDate "2012.10.13"]
[EventType "swiss"]
[EventRounds "9"]
[EventCountry "ITA"]
[SourceTitle "EXT 2013"]
[Source "ChessBase"]
[SourceDate "2012.11.22"]
[SourceVersion "1"]
[SourceVersionDate "2012.11.22"]
[SourceQuality "1"]

1. c4 e5 2. g3 Nf6 3. Nc3 c6 4. Bg2 d6 5. d3 Be7 6. e4 0-0 7. Nge2 Na6 8. 0-0 Ng4 9. h3 Nf6 10. Kh2 Nh5 11. g4 Nf6 12. Ng3 Ne8 13. Nf5 Bxf5 14. gxf5 Bg5 15. f4 Bxf4+ 16. Bxf4 exf4 17. Rxf4 Qe7 18. Qd2 Rd8 19. Rg1 Nac7 20. Bf3 Nf6 21. Rh4 h6 22. Rxg7+ 1-0

[Event "Prague Holiday K22"]
[Site "Prague"]
[Date "2012.07.26"]
[Round "7"]
[White "Vitek, Jan"]
[Black "Borries, Barbara"]
[Result "1/2-1/2"]
[WhiteElo "1970"]
[BlackElo "1647"]
[PlyCount "62"]
[EventDate "2012.07.22"]
[EventType "tourn"]
[EventRounds "9"]
[EventCountry "CZE"]
[SourceTitle "EXT 2023"]
[Source "ChessBase"]
[SourceDate "2022.10.05"]
[SourceVersion "1"]
[SourceVersionDate "2022.10.05"]
[SourceQuality "1"]

1. e4 e5 2. Nf3 Nc6 3. Bc4 Be7 4. c3 Nf6 5. d3 0-0 6. Bb3 d6 7. 0-0 Bg4 8. Nbd2 Qd7 9. Re1 a6 10. Nf1 Rfe8 11. Ng3 g6 12. h3 Be6 13. Bc2 Bf8 14. Ng5 Bg7 15. Be3 d5 16. Nxe6 fxe6 17. Qd2 Rad8 18. Rad1 Kh8 19. Bh6 Qd6 20. Bxg7+ Kxg7 21. exd5 exd5 22. Qg5 Kh8 23. d4 exd4 24. Rxe8+ Rxe8 25. cxd4 Qe6 26. a3 Na5 27. b3 b6 28. Kh2 Nb7 29. Rd3 Qd6 30. Re3 Rxe3 31. Qxe3 Nd8 1/2-1/2

[Event "Prague Holiday K22"]
[Site "Prague"]
[Date "2012.07.25"]
[Round "6"]
[White "Borries, Barbara"]
[Black "Cisarik, Pavol"]
[Result "1/2-1/2"]
[WhiteElo "1647"]
[BlackElo "1728"]
[PlyCount "42"]
[EventDate "2012.07.22"]
[EventType "tourn"]
[EventRounds "9"]
[EventCountry "CZE"]
[SourceTitle "EXT 2023"]
[Source "ChessBase"]
[SourceDate "2022.10.05"]
[SourceVersion "1"]
[SourceVersionDate "2022.10.05"]
[SourceQuality "1"]

1. e4 e5 2. Nf3 Nc6 3. Bb5 a6 4. Bxc6 dxc6 5. 0-0 f6 6. d3 Bc5 7. Be3 Bxe3 8. fxe3 Bg4 9. Qe1 Qd7 10. Qc3 Ne7 11. Nbd2 0-0-0 12. a4 Ng6 13. a5 Bxf3 14. Nxf3 h5 15. h3 Rdg8 16. Rad1 Qe7 17. Rd2 c5 18. Qc4 Rd8 19. Kh2 h4 20. Kh1 Rhf8 21. Rdf2 Qd6 1/2-1/2

[Event "Prague Holiday K22"]
[Site "Prague"]
[Date "2012.07.24"]
[Round "5"]
[White "Bilek, Roman"]
[Black "Borries, Barbara"]
[Result "1/2-1/2"]
[WhiteElo "1972"]
[BlackElo "1647"]
[PlyCount "123"]
[EventDate "2012.07.22"]
[EventType "tourn"]
[EventRounds "9"]
[EventCountry "CZE"]
[SourceTitle "EXT 2023"]
[Source "ChessBase"]
[SourceDate "2022.10.05"]
[SourceVersion "1"]
[SourceVersionDate "2022.10.05"]
[SourceQuality "1"]

1. e4 e5 2. Nf3 Nc6 3. Bb5 a6 4. Ba4 Nf6 5. 0-0 b5 6. Bb3 Be7 7. Re1 d6 8. h3 Bb7 9. c3 Na5 10. Bc2 c5 11. d4 cxd4 12. cxd4 Qc7 13. d5 Nc4 14. b3 Nb6 15. Bd2 Rc8 16. Bd3 0-0 17. Ba5 Nfd7 18. Na3 Qb8 19. Re2 Rc7 20. Rc1 Rfc8 21. Rec2 Rxc2 22. Rxc2 Rxc2 23. Nxc2 Nc8 24. Ne3 Qa7 25. Qd2 Nc5 26. Bc2 Nb6 27. Nf5 Bf8 28. Qe3 Nc8 29. b4 Nd7 30. Qxa7 Nxa7 31. Bc7 Nc8 32. Nd2 g6 33. Ne3 Nf6 34. Nb3 Ne8 35. Bd8 Be7 36. Bxe7 Nxe7 37. Na5 Ba8 38. g4 h6 39. a4 Nc7 40. f3 Nc8 41. axb5 axb5 42. Bd3 Na7 43. h4 Kf8 44. Kf2 Na6 45. Nc2 Ke7 46. Ke3 Kd7 47. Kd2 Kc7 48. Kc3 Kb6 49. Ne3 Bb7 50. Nxb7 Kxb7 51. g5 h5 52. Bf1 Kc7 53. Bh3 Kd8 54. Ng2 Ke7 55. f4 exf4 56. Nxf4 Kd8 57. Nd3 Ke7 58. Kd4 f6 59. gxf6+ Kxf6 60. Bd7 Ke7 61. Bh3 Kf6 62. Bd7 1/2-1/2

[Event "Prague Holiday K22"]
[Site "Prague"]
[Date "2012.07.24"]
[Round "4"]
[White "Borries, Barbara"]
[Black "Krischke, Arnold"]
[Result "1/2-1/2"]
[WhiteElo "1647"]
[BlackElo "2039"]
[PlyCount "118"]
[EventDate "2012.07.22"]
[EventType "tourn"]
[EventRounds "9"]
[EventCountry "CZE"]
[SourceTitle "EXT 2023"]
[Source "ChessBase"]
[SourceDate "2022.10.05"]
[SourceVersion "1"]
[SourceVersionDate "2022.10.05"]
[SourceQuality "1"]

1. e4 c6 2. d4 d5 3. exd5 cxd5 4. Bd3 Nc6 5. c3 g6 6. Nf3 Bg7 7. 0-0 Bf5 8. Re1 Nf6 9. Bg5 Qb6 10. Bxf6 Bxf6 11. Re2 Bxd3 12. Qxd3 0-0 13. Na3 a6 14. Rc1 Rac8 15. Rce1 Qc7 16. Nc2 e6 17. Ne5 Nxe5 18. dxe5 Bg7 19. Nd4 Qc4 20. Qxc4 Rxc4 21. g4 b5 22. a3 Rb8 23. h3 a5 24. Nc2 Bf8 25. Rd1 b4 26. axb4 axb4 27. cxb4 Rbc8 28. Ne1 Bxb4 29. Nf3 Rc2 30. Rxc2 Rxc2 31. b3 Rb2 32. Rd3 Bc5 33. Nd2 g5 34. Kg2 Kg7 35. Kf3 f6 36. exf6+ Kxf6 37. Kg2 Ke5 38. Kg3 Rc2 39. h4 h6 40. hxg5 hxg5 41. Kg2 Kf4 42. Kh3 Ke5 43. Kg3 d4 44. Kf3 Rc3 45. Ke2 Kd5 46. Nf3 Rc2+ 47. Rd2 Rxd2+ 48. Kxd2 Bd6 49. Kd3 Be7 50. Nxd4 Bc5 51. Nf3 Bxf2 52. Nxg5 Ke5 53. Ne4 Be1 54. Ke3 Bb4 55. Kf3 Be7 56. Nd2 Bc5 57. Ne4 Bf8 58. Nf2 Be7 59. Nd3+ Kd4 1/2-1/2

[Event "Prague Holiday K22"]
[Site "Prague"]
[Date "2012.07.22"]
[Round "1"]
[White "Franek, Jan1"]
[Black "Borries, Barbara"]
[Result "1-0"]
[WhiteElo "1965"]
[BlackElo "1647"]
[PlyCount "115"]
[EventDate "2012.07.22"]
[EventType "tourn"]
[EventRounds "9"]
[EventCountry "CZE"]
[SourceTitle "EXT 2023"]
[Source "ChessBase"]
[SourceDate "2022.10.05"]
[SourceVersion "1"]
[SourceVersionDate "2022.10.05"]
[SourceQuality "1"]

1. e4 e5 2. Nf3 Nc6 3. Bc4 Bc5 4. b4 Bxb4 5. c3 Bd6 6. 0-0 Nf6 7. d4 exd4 8. e5 Nxe5 9. Nxe5 Bxe5 10. Re1 d5 11. Rxe5+ Be6 12. Bb3 dxc3 13. Nxc3 c6 14. Qf3 Nd7 15. Re1 0-0 16. Bb2 Qf6 17. Qg3 Qg6 18. Qxg6 hxg6 19. Ne2 Rfe8 20. Nd4 Nc5 21. Bc2 Bd7 22. f3 a5 23. Kf2 b5 24. Rac1 b4 25. Ba1 Rac8 26. Bxg6 Na4 27. Bf5 Bxf5 28. Nxf5 Rxe1 29. Kxe1 Re8+ 30. Kd2 c5 31. Bxg7 d4 32. Bxd4 cxd4 33. Nxd4 Nc3 34. Rc2 Rc8 35. Kd3 Kf8 36. a3 Ke8 37. axb4 axb4 38. Nb5 Rd8+ 39. Kc4 Rc8+ 40. Kb3 Kd7 41. Nxc3 bxc3 42. Rxc3 Rb8+ 43. Kc2 Ke6 44. h4 Kf6 45. Kd3 Re8 46. Rc4 Kg6 47. g4 Kf6 48. Re4 Rd8+ 49. Ke3 Ra8 50. Kf4 Kg6 51. h5+ Kg7 52. g5 Ra7 53. Kf5 Ra5+ 54. Re5 Ra7 55. f4 Rb7 56. h6+ Kf8 57. Rc5 Ke7 58. h7 1-0

[Event "Arco op 33rd"]
[Site "Arco"]
[Date "2011.10.29"]
[Round "8"]
[White "Rizzo, Giuseppe"]
[Black "Borries, Barbara"]
[Result "1/2-1/2"]
[WhiteElo "1732"]
[BlackElo "1901"]
[PlyCount "44"]
[EventDate "2011.10.22"]
[EventType "swiss"]
[EventRounds "9"]
[EventCountry "ITA"]
[SourceTitle "EXT 2012"]
[Source "ChessBase"]
[SourceDate "2011.11.24"]
[SourceVersion "1"]
[SourceVersionDate "2011.11.24"]
[SourceQuality "1"]

1. d4 e6 2. Nf3 Nf6 3. e3 g6 4. Be2 Bg7 5. c4 d5 6. Nc3 0-0 7. 0-0 Nc6 8. b3 Re8 9. Ne5 Ne4 10. Nxe4 dxe4 11. Nxc6 bxc6 12. Ba3 e5 13. Bc5 exd4 14. Bxd4 Qg5 15. f4 Qe7 16. Bxg7 Kxg7 17. Qd4+ Kg8 18. c5 a5 19. Rfd1 Be6 20. Rac1 Bd5 21. Qc3 Reb8 22. Bc4 Bxc4 1/2-1/2